00722nam a2200169Ia 450000500170000000800410001701600140005804000240007205000200009608200130011611000910012924501520022026000890037230000150046156300100047665000660048620260119152545.0210303s9999 xx 000 0 und d 2reto2022b aNLNbEnglisheAACR2 aHE5707.7b.O35  a354.6692 aOGUN State (Nigeria) Ministry of Finance and Economic Development Statistics Division. 2aA summary of current motor statistics- Jan. - Dec. 1977 /cOgun State (Nigeria), Ministry of Finance and Economic Development. Statistics Division. aAkure :bStatistics Division, Ministry of Finance and Economic Development,c(1978?) aV. ;b33cm a(pbk) aMotor vehiclesvNigeria (Ogun State)xStatisticsxPeriodicals